| 000 | 00417nam a2200169Ia 4500 | ||
|---|---|---|---|
| 008 | 230917s9999||||xx |||||||||||||| ||und|| | ||
| 020 | _cPOU6 | ||
| 040 |
_e4816 _aMAIN |
||
| 041 | _aEnglish | ||
| 082 | _a595.7 C367I | ||
| 100 | _aChapman, R F | ||
| 245 | 0 | _aInsects: Structure and functions | |
| 250 | _a3rd ed. | ||
| 260 |
_aLondon _bEnglish Language Book Society _c1982 |
||
| 300 | _axiv, 919 p. | ||
| 942 | _cBK | ||
| 999 |
_c38884 _d38884 |
||